BIBLIOTECA PODER JUDICIAL
Portal Judicial TDF

La reparación integral en el accidente in itinere / (Registro nro. 6562)

000 -LEADER
fixed length control field 01139nab a22002537a 4500
003 - CONTROL NUMBER IDENTIFIER
control field OSt
005 - DATE AND TIME OF LATEST TRANSACTION
control field 20260224113701.0
008 - FIXED-LENGTH DATA ELEMENTS--GENERAL INFORMATION
fixed length control field 190506c xxu||||| |||| 00| 0 spa d
040 ## - CATALOGING SOURCE
Transcribing agency PJ
245 13 - TITLE STATEMENT
Title La reparación integral en el accidente in itinere /
Statement of responsibility, etc Luis Mauricio Kornmann.
260 ## - PUBLICATION, DISTRIBUTION, ETC. (IMPRINT)
Place of publication, distribution, etc Buenos Aires :
Name of publisher, distributor, etc AbeledoPerrot,
Date of publication, distribution, etc 2024.
300 ## - PHYSICAL DESCRIPTION
Extent p. 31-35
500 ## - GENERAL NOTE
General note Cita: TR LALEY AR/DOC/1679/2024.
505 ## - FORMATTED CONTENTS NOTE
Formatted contents note Sumario: I. Introducción.— II. El caso.— III. Antecedentes.— IV. Síntesis y conclusiones.— V. Bibliografía.
505 ## - FORMATTED CONTENTS NOTE
Formatted contents note Fallo comentado: CS ~ 22/06/2023 ~ Ortiz, Marisa Liliana c. García Nimo Cobas y Cía. SRL s/ accidente — ley especial.
505 ## - FORMATTED CONTENTS NOTE
Title ¿Te interesa el texto completo? Comunicate al correo: koha@justierradelfuego.gov.ar
650 #0 - SUBJECT ADDED ENTRY--TOPICAL TERM
9 (RLIN) 1316
Topical term or geographic name as entry element DERECHO LABORAL
650 #0 - SUBJECT ADDED ENTRY--TOPICAL TERM
9 (RLIN) 1482
Topical term or geographic name as entry element LEY SOBRE RIESGOS DEL TRABAJO
650 #0 - SUBJECT ADDED ENTRY--TOPICAL TERM
9 (RLIN) 4425
Topical term or geographic name as entry element ACCIDENTE IN ITINERE
650 #0 - SUBJECT ADDED ENTRY--TOPICAL TERM
9 (RLIN) 1417
Topical term or geographic name as entry element ACCIDENTES DE TRABAJO
650 #0 - SUBJECT ADDED ENTRY--TOPICAL TERM
9 (RLIN) 1382
Topical term or geographic name as entry element INDEMNIZACION
773 0# - HOST ITEM ENTRY
Host Biblionumber 2751
Host Itemnumber 3202
Place, publisher, and date of publication Buenos Aires : AbeledoPerrot, 2013-
Title Revista de derecho laboral y seguridad social. Nº 15 - Agosto 2024
942 ## - ADDED ENTRY ELEMENTS (KOHA)
Source of classification or shelving scheme
Koha item type Analítica Artículo de Revista

No hay ítems disponibles.

12 de Octubre 789 Ushuaia - Tel:  54(02901)441571
Horario de Atención: 8.00 a 17.00 hs. 
bibliotecaush@justierradelfuego.gov.ar
koha@justierradelfuego.gov.ar
Seguinos en nuestras redes @bibliojustdf 

Con tecnología Koha